LDR 00964nam a2200229 i 4500 001 000000043026 003 CaOOAMICUS 005 20260115080204.0 008 120413n1930 it u000 u ita u 013 $a14196 040 $aSeMil$bita 100 1 $aRiva, Giuseppe$b
.$0(OLS)http://semarc/name/89791 245 10$aManuale di Filotea /$ccompilato dal sac. Giuseppe Riva. 250 $a53. ed. emendata 260 $aBergamo :$bIstituto Italiano d'Arti Grafiche,$c[1930?] 300 $aVIII, 1039 p., [6] c. di tav. ;$c15 cm. 650 4$aCristianesimo - Libri di preghiere e devozione italiani.$0(OLS)http://semarc/subject/1222 850 $aSeMil 852 $aSeMil$W1$xVenegono$y1$m2D I 152$j9181$B9181$CSeMilBibl$Z2$F9181 $81 996 $6245$aManuale di Filotea$9(OLS)http://semarc/title/63029 996 $6260$aBergamo :$bIstituto Italiano d'Arti Grafiche$9(OLS)http://semarc/publisher/29676